000 00598nam a2200169 a 4500
001 000044958
005 20201002045748.0
008 150123s2013 mx 000 0 spa d
020 _a9789709428780
040 _aDO-SdBNP
_bspa
_cBNPHU
082 _axxxx
_bxxxx
245 0 0 _aPoesía de América Latina para el mundo /
_cCompilador Roberto Arizmendi ; prólogo Héctor Carreto; presentación José Manuel Piña Gutiérrez.
260 _aMéxico :
_bFósforo,
_c2013.
300 _a300 p. :
_bil. ;
_c20 cm.
700 1 _aArizmendi, Roberto,
_ecomp.
_972977
700 1 _aCarreto, Héctor,
_epról.
_972978
999 _c44447
_d44447